Ładuje się......

Padmanabhantey Kathakal

Opis bibliograficzny
1. autor: T Padmanabhan
Format: Printed Book
Wydane: Poorna Publications 2013
Wydanie:2nd ed.
Hasła przedmiotowe:
LEADER 00457nam a22001457a 4500
999 |c 29615  |d 29615 
020 |a 9788130004471 
082 |a  894.8123 PAD-P 
100 |a T Padmanabhan 
245 |a Padmanabhantey Kathakal  
250 |a 2nd ed. 
260 |b Poorna Publications  |c 2013 
650 |a Malayalam fiction 
942 |c BK 
952 |0 0  |1 0  |4 0  |6 894_812300000000000_PADP  |7 0  |9 32367  |a DCB  |b DCB  |d 2017-04-01  |l 2  |o 894.8123 PAD-P  |p DCB3134  |r 2018-09-15  |s 2017-12-27  |w 2017-04-01  |y BK